Review of studies of superradiative microwave generation in X band and Ka band relativistic BWOs; IEEE Transactions on Plasma Science; Vol. 32, iss. 3, pt. 1
| Parent link: | IEEE Transactions on Plasma Science Vol. 32, iss. 3, pt. 1.— 2004.— [P. 1093-1099] |
|---|---|
| Інші автори: | , , , , , , |
| Резюме: | Title screen [References: 14 tit.] This paper presents a review of recent studies of superradiant (SR) regime of high-power microwave generation of relativistic backward-wave tubes. The fundamental possibility of producing microwave pulses with peak power substantially exceeding the driving electron beam power was demonstrated in theory and simulation. In experiments, beam-to-microwaves power conversion factors of 1.5 in the Ka band and up to 1.8 in the X band were achieved. High-efficiency Ka band generation was obtained at a low B field (2 T) below the cyclotron resonance. With the use of a dc solenoid, SR pulses were generated in a batch mode at a pulse repetition frequency of 1000-3500 Hz. Режим доступа: по договору с организацией-держателем ресурса |
| Мова: | Англійська |
| Опубліковано: |
2004
|
| Предмети: | |
| Онлайн доступ: | https://doi.org/10.1109/TPS.2004.828802 |
| Формат: | MixedMaterials Електронний ресурс Частина з книги |
| KOHA link: | https://koha.lib.tpu.ru/cgi-bin/koha/opac-detail.pl?biblionumber=653609 |
MARC
| LEADER | 00000naa0a2200000 4500 | ||
|---|---|---|---|
| 001 | 653609 | ||
| 005 | 20250227155705.0 | ||
| 035 | |a (RuTPU)RU\TPU\network\19092 | ||
| 090 | |a 653609 | ||
| 100 | |a 20170317d2004 k||y0rusy50 ba | ||
| 101 | 0 | |a eng | |
| 102 | |a US | ||
| 135 | |a arnn ---uucaa | ||
| 181 | 0 | |a i | |
| 182 | 0 | |a b | |
| 200 | 1 | |a Review of studies of superradiative microwave generation in X band and Ka band relativistic BWOs |f A. A. El'chaninov [et al.] | |
| 203 | |a Text |c electronic | ||
| 300 | |a Title screen | ||
| 330 | |a [References: 14 tit.] | ||
| 330 | |a This paper presents a review of recent studies of superradiant (SR) regime of high-power microwave generation of relativistic backward-wave tubes. The fundamental possibility of producing microwave pulses with peak power substantially exceeding the driving electron beam power was demonstrated in theory and simulation. In experiments, beam-to-microwaves power conversion factors of 1.5 in the Ka band and up to 1.8 in the X band were achieved. High-efficiency Ka band generation was obtained at a low B field (2 T) below the cyclotron resonance. With the use of a dc solenoid, SR pulses were generated in a batch mode at a pulse repetition frequency of 1000-3500 Hz. | ||
| 333 | |a Режим доступа: по договору с организацией-держателем ресурса | ||
| 461 | |t IEEE Transactions on Plasma Science | ||
| 463 | |t Vol. 32, iss. 3, pt. 1 |v [P. 1093-1099] |d 2004 | ||
| 610 | 1 | |a труды учёных ТПУ | |
| 610 | 1 | |a электронный ресурс | |
| 701 | 1 | |a El'chaninov |b A. A. |g Anton Aleksandrovich | |
| 701 | 1 | |a Korovin |b S. D. |g Sergei Dmitrievich | |
| 701 | 1 | |a Mesyats |b G. A. |c russian physicist |c academican, vice-president of RAS |c graduate of Tomsk Polytechnic Institute |f 1936- |g Gennady Andreyevich |3 (RuTPU)RU\TPU\pers\28088 | |
| 701 | 1 | |a Pegel |b I. V. |c specialist in the field of automation equipment and electronics |c Professor of Tomsk Polytechnic University, Doctor of physical and mathematical sciences |f 1964- |g Igor Valerievich |3 (RuTPU)RU\TPU\pers\33780 | |
| 701 | 1 | |a Rostov |b V. V. |g Vladislav Vladimirovich | |
| 701 | 1 | |a Shpak |b V. G. | |
| 701 | 1 | |a Yalandin |b М. I. |g Michael Ivanovich | |
| 801 | 1 | |a RU |b 63413507 |c 20110824 | |
| 801 | 2 | |a RU |b 63413507 |c 20170317 |g RCR | |
| 856 | 4 | 0 | |u https://doi.org/10.1109/TPS.2004.828802 |
| 942 | |c CF | ||